000 00511cam a2200145 4500500
005 20251109011001.0
041 _afre
042 _adc
100 1 0 _aSkoric, Arthur
_eauthor
245 0 0 _aJeanne Brun (dir.) Apocalypse Hier et demain. BnF éditions, 2025, 264 pages, 150 illustrations, 49 €.
260 _c2025.
500 _a35
786 0 _nÉtudes | 4331 | 11 | 2025-11-03 | p. 127-127 | 0014-1941
856 4 1 _uhttps://shs.cairn.info/revue-etudes-2025-11-page-127?lang=fr&redirect-ssocas=7080
999 _c1562231
_d1562231